| 000 | 00351nam a2200133Ia 4500 | ||
|---|---|---|---|
| 005 | 20260328104326.0 | ||
| 008 | 260328s9999||||xx |||||||||||||| ||und|| | ||
| 100 | _aRisebero, Bill | ||
| 245 | 0 |
_aHistoria dibujada de la Arquitectura Occidental / _cBill Risebero |
|
| 260 | _bBlume | ||
| 300 | _a271 p. | ||
| 650 | _aHISTORIA OCCIDENTAL | ||
| 942 | _cBK | ||
| 999 |
_c11535 _d11535 |
||